<?xml version="1.0" encoding="UTF-8"?>
<record
    xmlns:xsi="http://www.w3.org/2001/XMLSchema-instance"
    xsi:schemaLocation="http://www.loc.gov/MARC21/slim http://www.loc.gov/standards/marcxml/schema/MARC21slim.xsd"
    xmlns="http://www.loc.gov/MARC21/slim">

  <leader>00700nam a22001937a 4500</leader>
  <datafield tag="999" ind1=" " ind2=" ">
    <subfield code="c">105044</subfield>
    <subfield code="d">105044</subfield>
  </datafield>
  <controlfield tag="005">20230511145303.0</controlfield>
  <datafield tag="010" ind1=" " ind2=" ">
    <subfield code="a">UR-9574</subfield>
  </datafield>
  <datafield tag="020" ind1=" " ind2=" ">
    <subfield code="c">260.00</subfield>
  </datafield>
  <datafield tag="035" ind1=" " ind2=" ">
    <subfield code="a">U-8129</subfield>
  </datafield>
  <datafield tag="037" ind1=" " ind2=" ">
    <subfield code="b">DBAD/PUB</subfield>
  </datafield>
  <datafield tag="082" ind1=" " ind2=" ">
    <subfield code="a">841</subfield>
  </datafield>
  <datafield tag="100" ind1=" " ind2=" ">
    <subfield code="a">&#x642;&#x627; &#x62F; &#x631; &#x6CC; &#x645;&#x62D;&#x645;&#x62F; &#x639;&#x628;&#x62F; &#x627; &#x644;&#x642;&#x6CC;&#x648; &#x645;  &#x631; &#x627; &#x62C;&#x6CC; </subfield>
  </datafield>
  <datafield tag="245" ind1=" " ind2=" ">
    <subfield code="a">&#x639;&#x637;&#x627; /  </subfield>
    <subfield code="c">&#x642;&#x627; &#x62F; &#x631; &#x6CC; &#x645;&#x62D;&#x645;&#x62F; &#x639;&#x628;&#x62F; &#x627; &#x644;&#x642;&#x6CC;&#x648; &#x645;  &#x631; &#x627; &#x62C;&#x6CC;</subfield>
  </datafield>
  <datafield tag="246" ind1=" " ind2=" ">
    <subfield code="a">Ataa /</subfield>
    <subfield code="b">by Abdul Qayyum Qadri Raaji </subfield>
  </datafield>
  <datafield tag="260" ind1=" " ind2=" ">
    <subfield code="a">&#x628;&#x62F; &#x627; &#x6CC;&#x648; &#x6BA;</subfield>
    <subfield code="b">&#x62A;&#x627; &#x62C; &#x627; &#x644; &#x641;&#x6BE;&#x648;&#x644; &#x627;&#x6A9;&#x6CC;&#x688; &#x645;&#x6CC; </subfield>
    <subfield code="c">2016 &#x621;</subfield>
  </datafield>
  <datafield tag="270" ind1=" " ind2=" ">
    <subfield code="a">&#x645;&#x62F;&#x631;&#x633;&#x6C1; &#x639;&#x627; &#x644;&#x6CC;&#x6C1;  &#x642;&#x627;&#x62F;&#x631;&#x6CC;&#x6C1; &#x60C;&#x645;&#x648;&#x644;&#x648;&#x6CC; &#x645;&#x62D;&#x644;&#x6C1;  </subfield>
    <subfield code="b">&#x628;&#x62F; &#x627; &#x6CC;&#x648; &#x6BA;</subfield>
    <subfield code="e">243601 </subfield>
    <subfield code="k">987503199</subfield>
  </datafield>
  <datafield tag="300" ind1=" " ind2=" ">
    <subfield code="a">367&#x635;</subfield>
    <subfield code="c">22cm(Hb)</subfield>
  </datafield>
  <datafield tag="942" ind1=" " ind2=" ">
    <subfield code="2">ddc</subfield>
    <subfield code="c">UR</subfield>
    <subfield code="h">841</subfield>
    <subfield code="m">&#x642; &#x627; &#x62F; </subfield>
  </datafield>
  <datafield tag="952" ind1=" " ind2=" ">
    <subfield code="0">0</subfield>
    <subfield code="1">0</subfield>
    <subfield code="4">0</subfield>
    <subfield code="7">0</subfield>
    <subfield code="8">NFIC</subfield>
    <subfield code="a">BL4</subfield>
    <subfield code="b">BL4</subfield>
    <subfield code="d">2016-12-09</subfield>
    <subfield code="e">DBAD/PUB</subfield>
    <subfield code="g">260.00</subfield>
    <subfield code="l">0</subfield>
    <subfield code="o">841 &#x642; &#x627; &#x62F;</subfield>
    <subfield code="p">U-8129</subfield>
    <subfield code="r">2016-12-09 00:00:00</subfield>
    <subfield code="t">1</subfield>
    <subfield code="v">260.00</subfield>
    <subfield code="y">UR</subfield>
  </datafield>
</record>
